[Event "Mauricie ch"]
[Site "Shawinigan"]
[Date "1976.04.04"]
[Round "4"]
[White "Hebert, Yves"]
[Black "Lefebvre, Yves"]
[Result "1/2-1/2"]
[WhiteElo "1124"]
[BlackElo "1166"]
[PlyCount "51"]
[EventDate "1976.04.03"]
[EventType "swiss"]
[EventRounds "5"]
[EventCountry "CAN"]
[SourceTitle "EXT 2022"]
[Source "ChessBase"]
[SourceDate "2021.10.06"]
[SourceVersion "1"]
[SourceVersionDate "2021.10.06"]
[SourceQuality "1"]

1. e4 c5 2. Nc3 Nc6 3. g3 d6 4. Bg2 e6 5. d3 Nf6 6. Nge2 Be7 7. 0-0 0-0 8. Be3 d5 9. exd5 exd5 10. Bg5 Bg4 11. Bxf6 Bxf6 12. h3 Bxc3 13. bxc3 Be6 14. Nf4 Qd6 15. Nxe6 fxe6 16. c4 dxc4 17. dxc4 Rad8 18. Qxd6 Rxd6 19. Rad1 Rfd8 20. Rxd6 Rxd6 21. Bxc6 Rxc6 22. Rd1 Rc7 23. f4 Kf7 24. Kf2 g6 25. Ke3 h5 26. h4 1/2-1/2